000 00379nam a2200133Ia 4500
008 240624s9999 xx 000 0 und d
041 _aeng
082 _a659.157 STA
100 _aSTAHLBERG MARKUS
245 _aSHOPPER MARKETING HOW TO INCREASE PURCHA
260 _c2010
_aNew Delhi
_bKogan Page India Private limited
300 _axi, : 244 : p. : cm. ; 23
365 _cRS
_b33.5
999 _c18882
_d18882